000
00316nam a2200145Ia 4500
008
200615s9999||||xx |||||||||||||| ||und||
020
_a
9788120309616
082
_a
650
_b
MAR-T
100
_a
TULL,DONALD S.
245
0
_a
MARKETING RESEARCH
250
_a
6TH
260
_b
PHI
_c
1993
300
_a
350
942
_c
BK
999
_c
27675
_d
27675